000 00377nam a2200145 a 4500
005 20140414131932.0
008 110120s19uu xx 00 eng d
050 _aREF 304.2
_bP54 2006
100 _aPhillips, Dee
245 _aPeople of the world :
_binformation at your fingertips.
260 _bTicktock.
440 _aJust the facts
999 _c112286
_d112286